| 000 | 00488nam a2200181Ia 4500 | ||
|---|---|---|---|
| 003 | OSt | ||
| 005 | 20260325133025.0 | ||
| 008 | 190216s9999||||xx |||||||||||||| ||und|| | ||
| 020 | _a9798188582142 | ||
| 040 | _coclc | ||
| 082 |
_a813.54 _bMOR/K |
||
| 100 | 1 |
_aMorrison, Toni _96895 |
|
| 245 | 0 |
_aKarineela Kannukal / _cToni Morrison |
|
| 260 |
_bGreen Books, _aThrissur: |
||
| 300 | _a191p | ||
| 650 | _aNovel | ||
| 942 |
_cBK _2ddc _h813.54 _iMOR/K _k813.54 _mMOR/K |
||
| 999 |
_c29092 _d29092 |
||